1938 1134 1263 1525 1364 1712 1624 1289 1954 1780 1201 1445 1536 1037 1872 1455 1865 1037 1680 1890 1426 1025 1210 1905 1984 1790 1237 1107 1594 1715 1059 1276 1760 1051 1877 1485 1543 1353 1826 1919 1943 1994 1943 1953 1245 1002 1838 1228 1593 1037 1221 1773 1032 1518 1384 1666 1145 1507 1760 1624 1127 1309 1906 1562 1818 1968 1121 1803 1866 1011 1758 1577 1337 1991 1544 1101 1241 1636 1949 1645 1797 1805 1352 1071 1929 1468 1761 1590 1130 1194 1194 1345 1707 1582 1178 1421 1839 1892 1833 BCNSPRNW ULIB Ver.6.0+V

เปลี่ยนเป็นภาษาไทย

Change to English
 แสดงรายละเอียดบรรณานุกรม
  กลับหน้าหลัก

Brief Record : Get Marc (ISO 2709) : E-mail record : QR code < ปิดหน้าต่าง
LEADER : 00000nam 2200000uu 4500
001    13399120245
003     ULIB
008    120917s2546||||th 000 0 tha d
020    ^a9745461008
060 04 ^aWY161^bด111ก 2546
100 0  ^aดารัสนี โพธารส
245 10 ^aการพยาบาลผู้ป่วยในห้องพักฟื้น =^bPost-operative nursingcare in recovery room /^cดารัสนี โพธารส
246 31 ^aPost-operative nursing care in recovery room
250    ^aพิมพ์ครั้งที่ 1
260    ^aชลบุรี :^bภาควิชาการพยาบาลอายุรศาสตร์และสังคมศาสตร์คณะพยาบาลศาสตร์ มหาวิทยาลัยบูรพา,^c2546
300    ^aก-ช, 113 หน้า :^bภาพประกอบ ;^c26 ซม.
440  0 ^aโครงการตำรา คณะพยาบาลศาสตร์ มหาวิทยาลัยบูรพา
536    ^aได้รับการสนับสนุนงบประมาณจากโครงการตำรา คณะพยาบาลศาสตร์มหาวิทยาลัยบูรพา
650  2 ^aNursing Care
650  2 ^aPerioperative Nursing
650  7 ^aการพยาบาลศัลยศาสตร์
650  7 ^aการพยาบาล
710 2  ^aมหาวิทยาลัยบูรพา. ^bคณะพยาบาลศาสตร์. ^bภาควิชาการพยาบาลอายุรศาสตร์และศัลยศาสตร์
945    ^p150^l0^i12737
945    ^p150^l0^i12738
945    ^p150^l0^i12739
945    ^p150^l0^i12740
945    ^p150^l0^i12741
995    ^aวิภา
999 ^a ใช้งานได้ทุกระบบ
รายการนี้ยังไม่มีแท็ก
คุณยังไม่ได้ล็อกอิน คุณสามารถมีกิจกรรมร่วมกับเว็บไซต์ได้ แต่ต้องล็อกอินก่อน ::
  ล็อกอิน

รายการสื่อสารสนเทศ

ลำดับที่ ประเภท เลขเรียก/บาร์โค้ด สถานที่ สถานะ
1. วิทยาศาสตร์การแพทย์ และสุขภาพ
วิทยาศาสตร์การแพทย์ และสุขภาพ
WY161 ด111ก 2546  
  Barcode: 12737
ห้องสมุดวิทยาเขตสวรรค์ประชารักษ์
►หนังสือทั่วไป
ถูกยืม กำหนดส่งวันที่ 11 พฤษภาคม 2558
  จอง
2. วิทยาศาสตร์การแพทย์ และสุขภาพ
วิทยาศาสตร์การแพทย์ และสุขภาพ
WY161 ด111ก 2546 ฉ.2 
  Barcode: 12738
ห้องสมุดวิทยาเขตสวรรค์ประชารักษ์
►หนังสือทั่วไป
ถูกยืม กำหนดส่งวันที่ 11 พฤษภาคม 2558
  จอง
3. วิทยาศาสตร์การแพทย์ และสุขภาพ
วิทยาศาสตร์การแพทย์ และสุขภาพ
WY161 ด111ก 2546 ฉ.3 
  Barcode: 12739
ห้องสมุดวิทยาเขตสวรรค์ประชารักษ์
►หนังสือทั่วไป
ถูกยืม กำหนดส่งวันที่ 11 พฤษภาคม 2558
  จอง
4. วิทยาศาสตร์การแพทย์ และสุขภาพ
วิทยาศาสตร์การแพทย์ และสุขภาพ
WY161 ด111ก 2546 ฉ.4 
  Barcode: 12740
ห้องสมุดวิทยาเขตสวรรค์ประชารักษ์
►หนังสือทั่วไป
ถูกยืม กำหนดส่งวันที่ 11 พฤษภาคม 2558
  จอง
5. วิทยาศาสตร์การแพทย์ และสุขภาพ
วิทยาศาสตร์การแพทย์ และสุขภาพ
WY161 ด111ก 2546 ฉ.5 
  Barcode: 12741
ห้องสมุดวิทยาเขตสวรรค์ประชารักษ์
►หนังสือทั่วไป
ถูกยืม กำหนดส่งวันที่ 11 พฤษภาคม 2558
  จอง

รายการใกล้เคียง
    หัวเรื่อง [Nursing Care]
    หัวเรื่อง [Perioperative Nursing]
    หัวเรื่อง [การพยาบาลศัลยศาสตร์]
    หัวเรื่อง [การพยาบาล]

BibComment


ยังไม่เคยถูกคอมเมนท์

คอมเมนท์ทรัพยากรรายการนี้
  คอมเมนท์: การพยาบาลผู้ป่วย..


 Copyright 2026. Bcnsprnw @Library